000 00818nam a22001217a 4500
040 _cRUA
082 _aAVM DO 2011 B472 Or.1
100 _aDO DEN; ដួ ដែន
245 _aStudy on growth rate of cp-avianby using cp feed and concentrate of broken rice and soybean at agriculture, ការសិក្សាលើការលូតលាស់របស់មាន់ពូជ CP-AVIAN ដោយប្រើប្រាស់ចំណីផ្សំក្រុមហ៊ុន​ CP និងចំណីផ្សំមានចុងអង្ករ សណ្ដែកសៀង នៅសាកលវិទ្យាល័យភូមិន្ទកសិកម្ម
300 _aix,36p.
_bill.
_c29cm.
856 _uhttps://drive.google.com/file/d/1YSGTleFT2BHYzV5i4wlLpeGSezdHMaVa/view?usp=sharing
942 _cAVM
999 _c7851
_d7851